00575 a2200145 4500003000900000005001700009008004100026040001300067245004800080250001100128260002200139300001900161490000700180520024200187IT-RoPau20220918175943.0130301b xxu||||| |||| 00| 0 eng d cIT-RoPau aIl Direttorio della Pia Società San Paolo a1° ed aRomabPSSPcS.d.  a445 pp.c21 cm aEP aIndice Introduzione Carta d'identità della Pia Società San Paolo Parte prima Fine e membri della Pia Società San Paolo Parte seconda Vita e opere della Pia Società San Paolo Parte terza Governo della Pia Società San Paolo